Politics of Hysteria: the source of twentieth-century conflict (Record no. 424093)

000 -LEADER
fixed length control field 00414cam a22001337a 4500
008 - FIXED-LENGTH DATA ELEMENTS--GENERAL INFORMATION
fixed length control field 180718b1964 xxu||||| |||| 00| 0 eng d
082 ## - DEWEY DECIMAL CLASSIFICATION NUMBER
Classification number D St54
100 ## - MAIN ENTRY--PERSONAL NAME
Personal name Stillman, Edmund
245 ## - TITLE STATEMENT
Title Politics of Hysteria: the source of twentieth-century conflict
Statement of responsibility, etc. by Edmund Stillman and William Pfaff
260 ## - PUBLICATION, DISTRIBUTION, ETC.
Place of publication, distribution, etc. London
Name of publisher, distributor, etc. Victor Gollancz
Date of publication, distribution, etc. 1964
300 ## - PHYSICAL DESCRIPTION
Extent x, 273p
650 ## - SUBJECT ADDED ENTRY--TOPICAL TERM
Topical term or geographic name entry element World politics
700 ## - ADDED ENTRY--PERSONAL NAME
Personal name Pfaff, William
Holdings
Withdrawn status Lost status Damaged status Not for loan Permanent Location Current Location Date acquired Full call number Barcode Date last seen Price effective from Koha item type
        Indian Institute of Public Administration Indian Institute of Public Administration 2009-09-15 D St54 37242 2018-07-21 2018-07-21 Book
        Indian Institute of Public Administration Indian Institute of Public Administration 2009-09-15 D St54 35453 2018-07-21 2018-07-21 Book

Powered by Koha